000 02168nam0a2200409 4500
001 RU\NLR\bibl\1356846
005 20250615182449.0
010 _a978-5-699-22051-9
_93000
021 _aRU
_b2009-12045
_9711
035 _a(nilc)RSL-KNO-004253294
035 _a(NLR Aleph) 001349039
090 _a908951
_c908951
100 _a20090302d2009 |||y0rusy50 ca
101 0 _arus
102 _aRU
105 _aa |||||||||
200 1 _aФинансовый менеджмент
_aФинансовый анализ
_aФинансы предприятий
_e[комплексный подход к управлению финансами]
_eучебное пособие
_fС. В. Галицкая
210 _aМосква
_cЭксмо
_d2009
215 _a649, [1] с.
_cил., табл.
_d22
225 1 _aВысшее экономическое образование
320 _aБиблиогр. в конце кн.
606 1 _aМенеджмент финансовый
_jУчебные издания для высших учебных заведений
_92070634
_3RU\NLR\auth\661245361
606 1 _aПредприятия
_jУчебные издания для высших учебных заведений
_xФинансовый анализ
_92079087
_3RU\NLR\auth\661254959
610 0 _aЭкономика -- Российская Федерация -- Финансы -- Финансы предприятия -- Управление -- Учебник для высшей школы
610 0 _aЭкономика -- Экономический анализ -- Российская Федерация -- Финансы предприятия -- Учебник для высшей школы
686 _aУ9(2)261.9-21я73-1
_2rubbk
686 _aУ053.9(2)261.9я73-1
_2rubbk
686 _aУ26(2)-21я73
686 _aУ053.9(2)я73
686 _aУ26(2)19я73
700 1 _aГалицкая
_bС. В.
_gСветлана Викторовна
_4070
801 0 _aRU
_bРКП
_c20090302
_grcr
801 1 _aRU
_bРГБ
_c20090302
801 2 _aRU
_bNLR
_c20090414
_grcr
942 _cBOOK
980 _aNB